<?xml version="1.0" encoding="UTF-8"?>
<collection xmlns="http://www.loc.gov/MARC21/slim">
  <record>
    <leader>00000nam  2200000   4500</leader>
    <controlfield tag="001">INLIS000000000000710</controlfield>
    <controlfield tag="005">20180724135849</controlfield>
    <controlfield tag="008">180724|||||||||   |   |||   |||| ||   | </controlfield>
    <datafield tag="035" ind1=" " ind2=" ">
      <subfield code="0">010-0718000710</subfield>
    </datafield>
    <datafield tag="041" ind1=" " ind2=" ">
      <subfield code="a">id</subfield>
    </datafield>
    <datafield tag="082" ind1=" " ind2=" ">
      <subfield code="a">029</subfield>
    </datafield>
    <datafield tag="090" ind1=" " ind2=" ">
      <subfield code="a">R 029 PIM I 2015</subfield>
    </datafield>
    <datafield tag="100" ind1=" " ind2=" ">
      <subfield code="a">Roswintiarti, Orbita</subfield>
    </datafield>
    <datafield tag="245" ind1=" " ind2=" ">
      <subfield code="a">Peningkatan Kinerja Bank Data Penginderaan Jarak Jauh Nasional dan Sistem Pemantauan Bumi Nasional sebagai Pusat Pelayanan Penginderaan Jauh Berkelas Dunia</subfield>
    </datafield>
    <datafield tag="260" ind1=" " ind2=" ">
      <subfield code="a">Jakarta</subfield>
      <subfield code="b">LAN Jakrta</subfield>
      <subfield code="c">2015</subfield>
    </datafield>
    <datafield tag="300" ind1=" " ind2=" ">
      <subfield code="a">69 hlm.; lamp</subfield>
    </datafield>
    <datafield tag="500" ind1=" " ind2=" ">
      <subfield code="a">Kebijakan yang telah diambil tidak terlepas dari resiko keterlambatan/ketidakberhasilan target yang dicapai. Ketidakpastian ketersediaan anggaran dan jumlah SDM adalah faktor utama dari penyebab resiko tersebut. Untuk itu, dalam perencanaan kegiatan tahunan perlu ada skala prioritas dalam menerapkan kebijakan dengan berbasis anggaran. Untuk menjamin ketersediaan anggaran yang diperlukan, perlu dilakukan koordinasi yang lebih intensif dengan Bappenas dan Kementerian Keuangan. Disamping itu, dukungan anggaran untuk percepatan kerjasama dengan Pemerintah Daerah dapat dilakukan antara lain melalui kerja sama antara LAPAN dengan Kementerian Dalam Negeri</subfield>
    </datafield>
    <datafield tag="650" ind1=" " ind2=" ">
      <subfield code="a">Kinerja Bank Data</subfield>
    </datafield>
  </record>
</collection>
